00338nam a2200121Ia 4500008004100000041000800041082001200049100002000061245004500081260004700126300003200173365001100205240624s9999 xx 000 0 und d aeng a332 BRA aBRAHMANANDA P R aMONEY INCOME PRICES IN 19TH CENTURY INDI c2001aNew DelhibHimalaya Publishing House axxxv, : 744 : p. : cm. ; 25 cRSb25